00662nam a2200169Ia 4500008004100000041000800041082001700049100002200066245012000088260002100208300000800229365001600237700002200253906005000275999001900325952014800344230718s9999 xx 000 0 und d aeng a005.678bDHA aDhar S.K.9176002 aBuilding Job Sites With JoomlabEstablish And Be In Charge Of A Job Site Using Easily Adaptable Joomla ! Extensions c2011bPackt Pub. a221 cRs.b300.00 aDhar S.K.9176002 dO:0161711-Mar-2011B:725021-Feb-2011cCOMPb75 c327443d327443 00104070aCCEPbCCEPd2011-03-11eTbsfCOMPg225.00i7250l0o005.678pCCEP-BK-38650r2023-07-18 00:00:00t75v300.00w2011-02-21yBKz038650